BL drama by couple image - Statistics

General Stats
  • This quiz has been taken 121 times
  • The average score is 9 of 16
Answer Stats
Picture Answer % Correct
KinnPorsche
95%
Love in the Air
88%
Cutie Pie
82%
Semantic Error
74%
TharnType
72%
Between Us
69%
Star in my Mind
56%
Color Rush
55%
Don't say no
53%
Why R U
49%
Kissable Lips
44%
Tonhon Chonlatee
42%
Triage
39%
We Best Love
34%
Together with me
33%
History 3: Trapped
29%
No matching quizzes found
Score Distribution
Percent of People with Each Score
Percentile by Number Answered
Your Score History
You have not taken this quiz